Day #77: Countries 7700 km away from India - Statistics

General Stats
  • This quiz has been taken 10 times
  • The average score is 16 of 19
Answer Stats
Answer % Correct
Algeria
100%
Australia
100%
Angola
90%
Mali
90%
Morocco
90%
Namibia
90%
New Zealand
90%
Niger
90%
Democratic Republic of the Congo
80%
Gabon
80%
Nigeria
80%
Portugal
80%
Republic of the Congo
80%
South Africa
80%
Botswana
70%
Equatorial Guinea
70%
Papua New Guinea
70%
Mozambique
60%
Zambia
60%
No matching quizzes found
Score Distribution
Percent of People with Each Score
Percentile by Number Answered
Your Score History
You have not taken this quiz